Statistieken voor Snelwegen in België

Klik hier om de quiz te nemen!

Algemene statistieken

  • Deze quiz is 71 keer genomen
  • De gemiddelde score is 11 van 31

Antwoordstatistieken

HintAntwoord% Correct
Oostende - Gent - Brussel - LuikE40
91%
Antwerpen - Gent - KortrijkE17
77%
Antwerpen - Brussel - BergenE19
72%
Antwerpen - Hasselt - LuikE313
67%
Leuven - HasseltE314
58%
Knokke-Heist - AntwerpenE34
54%
Bergen - Charleroi - Namen - Luik - Sankt VithE42
54%
Antwerpen - Willebroek - BrusselA12
49%
Brussel - Namen - AarlenE411
47%
Ring AntwerpenR1
44%
Ring GentR4
44%
Ring CharleroiR3
42%
Ring BergenR5
42%
Luik - Bastenaken - AarlenE25
40%
Ring AntwerpenR2
40%
Ring BrusselR0
39%
Ring KortrijkR8
37%
Zeebrugge - Brugge - Kortrijk - DoornikE403
33%
Ring CharleroiR9
32%
Kortrijk - IeperA19
28%
Luik - Bertrix - Marche-en-FamenneE46
25%
Antwerpen centrumA112
7%
Nijvel - CharleroiE420
7%
Halle - DoornikE429
7%
Brussel - Brussels AirportA201
5%
Herstal - Fexhe-SlinsA601
5%
Loncin - AngleurA602
5%
Hollogne-aux-Pierres - JemeppeA604
5%
Familleureux - La LouvièreA501
2%
Charleroi - MarcinelleA503
2%
Sankt VithE421
2%

Scoreverdeling

Percentiel versus Aantal Correcte Antwoorden

Procent van Mensen met Elke Score

Uw Scoregeschiedenis

U heeft deze quiz nog niet genomen